[Event "Deutsche Ländermeisterschaft 2017"]
[Site "Hannover GER"]
[Date "2017.10.02"]
[Round "4"]
[White "Degenhard, Simon"]
[Black "Krause, Benedict"]
[Result "1/2-1/2"]
[Termination "normal"]
[Board "4.1"]
[BlackTitle "FM"]
[WhiteElo "2211"]
[BlackElo "2438"]
[WhiteClock "00:06:32"]
[BlackClock "00:09:24"]
[WhiteTeam "Württemberg"]
[BlackTeam "Schleswig-Holstein"]
[PlyCount "218"]
[WhiteFideId "12944017"]
[BlackFideId "12917990"]
[EventCountry "GER"]
[EventRounds "7"]
[EventType "team-swiss"]
[EventDate "2017.09.29"]

1. e4 {[%clk 1:30:57]} c6 {[%clk 1:30:54]} 2. d4 {[%clk 1:31:23]} d5 {[%clk
1:31:20]} 3. exd5 {[%clk 1:31:48]} cxd5 {[%clk 1:31:45]} 4. c4 {[%clk 1:32:13]}
Nf6 {[%clk 1:32:08]} 5. Nc3 {[%clk 1:32:35]} Nc6 {[%clk 1:32:34]} 6. Bg5 {[%clk
1:32:57]} Ne4 {[%clk 1:33:00]} 7. Nxe4 {[%clk 1:31:23]} dxe4 {[%clk 1:33:19]}
8. d5 {[%clk 1:31:38]} Ne5 {[%clk 1:33:44]} 9. Qd4 {[%clk 1:29:33]} f6 {[%clk
1:34:06]} 10. Bf4 {[%clk 1:23:02]} Ng4 {[%clk 1:33:45]} 11. Qxe4 {[%clk
1:01:44]} Qb6 {[%clk 1:25:38]} 12. Nh3 {[%clk 0:54:24]} e5 {[%clk 1:10:38]} 13.
Bd3 {[%clk 0:42:30]} Bb4+ {[%clk 1:03:41]} 14. Kf1 {[%clk 0:41:09]} f5 {[%clk
0:58:28]} 15. Qe2 {[%clk 0:40:21]} O-O {[%clk 0:49:48]} 16. Bxe5 {[%clk
0:33:20]} Re8 {[%clk 0:46:41]} 17. c5 {[%clk 0:21:42]} Qxc5 {[%clk 0:25:30]}
18. Bd4 {[%clk 0:19:29]} Rxe2 {[%clk 0:24:48]} 19. Bxc5 {[%clk 0:19:57]} Rxb2
{[%clk 0:25:11]} 20. Bxb4 {[%clk 0:18:06]} Rxb4 {[%clk 0:25:32]} 21. Rc1 {[%clk
0:15:13]} Bd7 {[%clk 0:24:37]} 22. g3 {[%clk 0:10:44]} Rd4 {[%clk 0:22:48]} 23.
Be2 {[%clk 0:07:40]} Rxd5 {[%clk 0:21:08]} 24. Bc4 {[%clk 0:08:00]} Bb5 {[%clk
0:21:35]} 25. Kg2 {[%clk 0:08:10]} Bxc4 {[%clk 0:22:00]} 26. Rxc4 {[%clk
0:08:33]} Rad8 {[%clk 0:15:26]} 27. Rc7 {[%clk 0:07:15]} R5d7 {[%clk 0:14:42]}
28. Rhc1 {[%clk 0:07:42]} Nf6 {[%clk 0:13:42]} 29. Ng5 {[%clk 0:05:51]} g6
{[%clk 0:13:11]} 30. Ne6 {[%clk 0:04:07]} Rxc7 {[%clk 0:13:11]} 31. Rxc7 {[%clk
0:04:25]} Rd7 {[%clk 0:13:31]} 32. Rc8+ {[%clk 0:03:13]} Kf7 {[%clk 0:13:48]}
33. Nc5 {[%clk 0:02:35]} Re7 {[%clk 0:14:01]} 34. Ra8 {[%clk 0:01:49]} b6
{[%clk 0:14:24]} 35. Nd3 {[%clk 0:01:23]} Ke6 {[%clk 0:13:14]} 36. h4 {[%clk
0:01:36]} Nd5 {[%clk 0:11:17]} 37. Kf3 {[%clk 0:01:32]} Kd6 {[%clk 0:10:56]}
38. h5 {[%clk 0:01:04]} gxh5 {[%clk 0:08:14]} 39. Nf4 {[%clk 0:00:56]} Nxf4
{[%clk 0:07:09]} 40. Kxf4 {[%clk 0:01:10]} Rf7 {[%clk 0:06:19]} 41. Rd8+ {[%clk
0:28:58]} Kc6 {[%clk 0:31:12]} 42. Kg5 {[%clk 0:28:00]} b5 {[%clk 0:28:49]} 43.
Kxh5 {[%clk 0:26:34]} a5 {[%clk 0:24:12]} 44. Rc8+ {[%clk 0:25:17]} Kb6 {[%clk
0:21:58]} 45. f4 {[%clk 0:23:04]} Rg7 {[%clk 0:17:14]} 46. Kh4 {[%clk 0:22:17]}
b4 {[%clk 0:12:33]} 47. Rf8 {[%clk 0:22:02]} a4 {[%clk 0:11:13]} 48. Rxf5
{[%clk 0:22:10]} Rc7 {[%clk 0:11:01]} 49. Re5 {[%clk 0:18:30]} Rc2 {[%clk
0:10:33]} 50. Re4 {[%clk 0:18:05]} Kb5 {[%clk 0:08:42]} 51. f5 {[%clk 0:17:02]}
Rxa2 {[%clk 0:07:34]} 52. f6 {[%clk 0:16:39]} Rf2 {[%clk 0:08:01]} 53. Rf4
{[%clk 0:16:59]} Rd2 {[%clk 0:08:28]} 54. f7 {[%clk 0:13:06]} Rd8 {[%clk
0:08:46]} 55. f8=Q {[%clk 0:13:22]} Rxf8 {[%clk 0:09:13]} 56. Rxf8 {[%clk
0:13:47]} b3 {[%clk 0:07:38]} 57. Rh8 {[%clk 0:10:45]} a3 {[%clk 0:07:12]} 58.
Rxh7 {[%clk 0:11:04]} a2 {[%clk 0:05:32]} 59. Ra7 {[%clk 0:11:17]} b2 {[%clk
0:05:51]} 60. Rxa2 {[%clk 0:10:24]} b1=Q {[%clk 0:06:11]} 61. Rf2 {[%clk
0:10:07]} Kc5 {[%clk 0:05:51]} 62. Rf4 {[%clk 0:10:22]} Kd5 {[%clk 0:05:55]}
63. Kh3 {[%clk 0:09:48]} Qh1+ {[%clk 0:06:16]} 64. Kg4 {[%clk 0:10:13]} Ke5
{[%clk 0:06:18]} 65. Rf2 {[%clk 0:09:01]} Ke4 {[%clk 0:03:27]} 66. Re2+ {[%clk
0:08:35]} Kd3 {[%clk 0:03:54]} 67. Rf2 {[%clk 0:08:48]} Ke3 {[%clk 0:04:20]}
68. Rf4 {[%clk 0:09:02]} Qa8 {[%clk 0:01:35]} 69. Kh3 {[%clk 0:08:33]} Qh8+
{[%clk 0:01:42]} 70. Kg2 {[%clk 0:08:23]} Qh5 {[%clk 0:02:07]} 71. Rf2 {[%clk
0:05:21]} Qd5+ {[%clk 0:02:33]} 72. Kg1 {[%clk 0:05:36]} Qb7 {[%clk 0:01:25]}
73. Rf4 {[%clk 0:05:37]} Qb2 {[%clk 0:01:45]} 74. Rf1 {[%clk 0:04:00]} Qe2
{[%clk 0:01:30]} 75. Rf4 {[%clk 0:04:01]} Qa2 {[%clk 0:01:01]} 76. Rf1 {[%clk
0:03:29]} Qa7 {[%clk 0:01:10]} 77. Rf4 {[%clk 0:03:33]} Ke2+ {[%clk 0:01:08]}
78. Kg2 {[%clk 0:03:52]} Qe3 {[%clk 0:01:23]} 79. Kh2 {[%clk 0:04:10]} Ke1
{[%clk 0:01:46]} 80. Kg2 {[%clk 0:04:06]} Qe2+ {[%clk 0:02:11]} 81. Kh1 {[%clk
0:03:25]} Kd2 {[%clk 0:02:22]} 82. Kg1 {[%clk 0:03:24]} Ke3 {[%clk 0:02:47]}
83. Kh1 {[%clk 0:03:37]} Qb5 {[%clk 0:02:19]} 84. Kg2 {[%clk 0:03:11]} Qh5
{[%clk 0:02:45]} 85. Rf2 {[%clk 0:03:01]} Ke4 {[%clk 0:02:40]} 86. Rf4+ {[%clk
0:03:09]} Ke5 {[%clk 0:03:06]} 87. Rf2 {[%clk 0:03:28]} Qg4 {[%clk 0:03:24]}
88. Rf4 {[%clk 0:03:42]} Qe2+ {[%clk 0:03:49]} 89. Kg1 {[%clk 0:03:42]} Ke6
{[%clk 0:03:32]} 90. Rf2 {[%clk 0:03:45]} Qd3 {[%clk 0:03:12]} 91. Kg2 {[%clk
0:04:04]} Qe3 {[%clk 0:03:38]} 92. Rf4 {[%clk 0:03:56]} Qe2+ {[%clk 0:03:44]}
93. Rf2 {[%clk 0:04:10]} Qe4+ {[%clk 0:04:09]} 94. Kg1 {[%clk 0:04:33]} Qh7
{[%clk 0:04:05]} 95. Kg2 {[%clk 0:04:48]} Ke5 {[%clk 0:04:23]} 96. Rf4 {[%clk
0:04:57]} Qb7+ {[%clk 0:04:34]} 97. Kg1 {[%clk 0:04:58]} Qc8 {[%clk 0:04:56]}
98. Kg2 {[%clk 0:05:16]} Qc3 {[%clk 0:05:12]} 99. Rf2 {[%clk 0:05:08]} Qb3
{[%clk 0:05:31]} 100. Rf4 {[%clk 0:05:32]} Qb7+ {[%clk 0:05:44]} 101. Kg1
{[%clk 0:05:44]} Qa8 {[%clk 0:06:08]} 102. Rf2 {[%clk 0:05:20]} Ke4 {[%clk
0:06:36]} 103. Rf4+ {[%clk 0:05:08]} Ke3 {[%clk 0:07:02]} 104. Rf2 {[%clk
0:05:02]} Qg8 {[%clk 0:07:19]} 105. Kg2 {[%clk 0:05:21]} Qh7 {[%clk 0:07:45]}
106. Rf3+ {[%clk 0:05:35]} Ke4 {[%clk 0:08:10]} 107. Rf4+ {[%clk 0:06:00]} Ke5
{[%clk 0:08:37]} 108. Rf2 {[%clk 0:06:12]} Qe4+ {[%clk 0:09:02]} 109. Kg1
{[%clk 0:06:32]} Qe3 {[%clk 0:09:24]} 1/2-1/2

[Event "Deutsche Ländermeisterschaft 2017"]
[Site "Hannover GER"]
[Date "2017.10.02"]
[Round "4"]
[White "Parvanyan, Ashot"]
[Black "Wendler, David"]
[Result "1-0"]
[Termination "normal"]
[Board "4.2"]
[WhiteTitle "FM"]
[WhiteElo "2374"]
[BlackElo "2066"]
[WhiteClock "00:03:05"]
[BlackClock "00:02:05"]
[WhiteTeam "Schleswig-Holstein"]
[BlackTeam "Württemberg"]
[PlyCount "89"]
[WhiteFideId "13307550"]
[BlackFideId "12938360"]
[EventCountry "GER"]
[EventRounds "7"]
[EventType "team-swiss"]
[EventDate "2017.09.29"]

1. Nf3 {[%clk 1:30:45]} Nf6 {[%clk 1:30:42]} 2. c4 {[%clk 1:30:53]} c5 {[%clk
1:30:30]} 3. d4 {[%clk 1:30:35]} cxd4 {[%clk 1:30:07]} 4. Nxd4 {[%clk 1:31:00]}
g6 {[%clk 1:30:18]} 5. Nc3 {[%clk 1:31:24]} d5 {[%clk 1:29:32]} 6. cxd5 {[%clk
1:31:44]} Nxd5 {[%clk 1:29:40]} 7. Ndb5 {[%clk 1:32:00]} Nxc3 {[%clk 1:29:42]}
8. Qxd8+ {[%clk 1:32:22]} Kxd8 {[%clk 1:30:07]} 9. Nxc3 {[%clk 1:32:48]} Bg7
{[%clk 1:29:45]} 10. Bd2 {[%clk 1:32:15]} Be6 {[%clk 1:27:22]} 11. g3 {[%clk
1:30:03]} Nc6 {[%clk 1:13:45]} 12. Rc1 {[%clk 1:13:19]} Ke8 {[%clk 1:05:27]}
13. Bg2 {[%clk 1:10:56]} f5 {[%clk 0:59:55]} 14. b3 {[%clk 0:56:58]} Rd8 {[%clk
0:36:44]} 15. Na4 {[%clk 0:45:12]} Bd5 {[%clk 0:36:22]} 16. Bxd5 {[%clk
0:41:14]} Rxd5 {[%clk 0:36:45]} 17. Nc5 {[%clk 0:41:19]} Nd8 {[%clk 0:34:25]}
18. h4 {[%clk 0:38:08]} h6 {[%clk 0:31:22]} 19. Nd3 {[%clk 0:28:20]} Ne6 {[%clk
0:26:57]} 20. Nf4 {[%clk 0:17:35]} Nxf4 {[%clk 0:27:19]} 21. Bxf4 {[%clk
0:17:56]} Kf7 {[%clk 0:27:11]} 22. O-O {[%clk 0:17:21]} Rd7 {[%clk 0:26:42]}
23. Rc4 {[%clk 0:13:45]} Bd4 {[%clk 0:19:33]} 24. Kg2 {[%clk 0:09:31]} Kf6
{[%clk 0:18:38]} 25. Rd1 {[%clk 0:06:12]} e5 {[%clk 0:18:46]} 26. Be3 {[%clk
0:04:38]} Ke6 {[%clk 0:14:11]} 27. Bxd4 {[%clk 0:03:57]} Rhd8 {[%clk 0:14:28]}
28. e3 {[%clk 0:03:20]} g5 {[%clk 0:09:04]} 29. hxg5 hxg5 {[%clk 0:09:28]} 30.
Re1 {[%clk 0:00:44]} exd4 {[%clk 0:08:47]} 31. Rxd4 {[%clk 0:00:34]} Rxd4
{[%clk 0:08:15]} 32. exd4+ Kf6 {[%clk 0:07:08]} 33. Rd1 {[%clk 0:01:30]} Ke6
{[%clk 0:06:54]} 34. Kf3 {[%clk 0:01:24]} Rc8 {[%clk 0:06:54]} 35. Re1+ {[%clk
0:00:34]} Kf6 {[%clk 0:04:49]} 36. Ke3 {[%clk 0:00:37]} Rc3+ {[%clk 0:01:27]}
37. Kd2 {[%clk 0:00:55]} Rf3 {[%clk 0:01:11]} 38. Re2 {[%clk 0:01:08]} g4
{[%clk 0:01:22]} 39. d5 {[%clk 0:01:04]} f4 {[%clk 0:01:26]} 40. d6 {[%clk
0:01:28]} fxg3 {[%clk 0:01:13]} 41. d7 {[%clk 0:01:49]} gxf2 {[%clk 0:01:28]}
42. d8=Q+ {[%clk 0:02:09]} Kf5 {[%clk 0:01:51]} 43. Qf8+ {[%clk 0:02:12]} Kg5
{[%clk 0:02:02]} 44. Qxf3 {[%clk 0:02:38]} f1=N+ {[%clk 0:02:05]} 45. Qxf1
{[%clk 0:03:05]} 1-0

[Event "Deutsche Ländermeisterschaft 2017"]
[Site "Hannover GER"]
[Date "2017.10.02"]
[Round "4"]
[White "Reindl, Arno"]
[Black "Kololli, Martin"]
[Result "1/2-1/2"]
[Termination "normal"]
[Board "4.3"]
[WhiteElo "2083"]
[BlackElo "2299"]
[WhiteClock "00:18:02"]
[BlackClock "00:04:27"]
[WhiteTeam "Württemberg"]
[BlackTeam "Schleswig-Holstein"]
[PlyCount "128"]
[WhiteFideId "12946729"]
[BlackFideId "12936910"]
[EventCountry "GER"]
[EventRounds "7"]
[EventType "team-swiss"]
[EventDate "2017.09.29"]

1. e4 {[%clk 1:30:41]} e5 {[%clk 1:30:55]} 2. Nf3 {[%clk 1:30:41]} Nc6 {[%clk
1:31:20]} 3. Bc4 {[%clk 1:30:29]} Nf6 {[%clk 1:31:41]} 4. Ng5 {[%clk 1:25:43]}
d5 {[%clk 1:31:27]} 5. exd5 {[%clk 1:25:58]} Na5 {[%clk 1:32:20]} 6. Bb5+
{[%clk 1:26:16]} c6 {[%clk 1:32:33]} 7. dxc6 {[%clk 1:26:23]} bxc6 {[%clk
1:32:57]} 8. Bd3 {[%clk 1:20:45]} Be7 {[%clk 1:24:06]} 9. Ne4 {[%clk 1:16:19]}
Nd5 {[%clk 1:22:21]} 10. O-O {[%clk 1:12:53]} Nf4 {[%clk 1:15:20]} 11. Be2
{[%clk 1:11:15]} f5 {[%clk 1:10:50]} 12. Nec3 {[%clk 1:11:04]} O-O {[%clk
1:04:49]} 13. d3 {[%clk 1:08:55]} Nxe2+ {[%clk 1:02:51]} 14. Qxe2 {[%clk
1:09:10]} Bd6 {[%clk 1:00:26]} 15. Nd2 {[%clk 1:05:08]} Ba6 {[%clk 0:57:41]}
16. f3 {[%clk 0:48:56]} Rf6 {[%clk 0:50:18]} 17. Nb3 {[%clk 0:46:27]} Rg6
{[%clk 0:49:28]} 18. Be3 {[%clk 0:43:52]} Bc8 {[%clk 0:43:52]} 19. f4 {[%clk
0:37:27]} Nxb3 {[%clk 0:38:40]} 20. axb3 {[%clk 0:37:40]} Qc7 {[%clk 0:38:28]}
21. fxe5 {[%clk 0:33:57]} Bxe5 {[%clk 0:38:51]} 22. Bf4 {[%clk 0:34:08]} Bd4+
{[%clk 0:36:24]} 23. Kh1 {[%clk 0:33:45]} Qf7 {[%clk 0:36:20]} 24. Rae1 {[%clk
0:26:51]} Be6 {[%clk 0:26:37]} 25. Be5 {[%clk 0:23:03]} Bb6 {[%clk 0:25:41]}
26. Qf3 {[%clk 0:20:21]} Qd7 {[%clk 0:23:33]} 27. d4 {[%clk 0:15:47]} Rf8
{[%clk 0:22:26]} 28. Qe2 {[%clk 0:15:08]} Bxd4 {[%clk 0:17:45]} 29. Rd1 {[%clk
0:15:15]} c5 {[%clk 0:17:54]} 30. Rf3 {[%clk 0:09:42]} Rd8 {[%clk 0:16:09]} 31.
Rfd3 {[%clk 0:09:27]} f4 {[%clk 0:12:52]} 32. Bxd4 {[%clk 0:09:25]} cxd4 {[%clk
0:13:10]} 33. Qf2 {[%clk 0:09:23]} Qc6 {[%clk 0:10:34]} 34. Qf3 {[%clk
0:06:33]} Qxf3 {[%clk 0:05:12]} 35. gxf3 {[%clk 0:07:02]} Bh3 {[%clk 0:05:00]}
36. R3d2 {[%clk 0:05:55]} h6 {[%clk 0:02:47]} 37. Ne4 {[%clk 0:05:08]} Rc8
{[%clk 0:02:32]} 38. Rg1 {[%clk 0:04:53]} Bf5 {[%clk 0:02:46]} 39. Rxg6 {[%clk
0:04:50]} Bxg6 {[%clk 0:03:11]} 40. Kg2 {[%clk 0:05:09]} Kf8 {[%clk 0:02:25]}
41. Kf2 {[%clk 0:29:23]} Ke7 {[%clk 0:31:41]} 42. Ke2 {[%clk 0:29:19]} Ke6
{[%clk 0:23:50]} 43. Kd3 {[%clk 0:28:14]} Bh5 {[%clk 0:17:08]} 44. Re2 {[%clk
0:28:17]} Kd5 {[%clk 0:16:51]} 45. c4+ {[%clk 0:25:28]} dxc3 {[%clk 0:17:10]}
46. Nxc3+ {[%clk 0:25:50]} Kc6 {[%clk 0:17:06]} 47. Re6+ {[%clk 0:24:46]} Kd7
{[%clk 0:17:20]} 48. Ra6 {[%clk 0:24:25]} Bxf3 {[%clk 0:17:31]} 49. Rxa7+
{[%clk 0:24:16]} Rc7 {[%clk 0:17:53]} 50. Rxc7+ {[%clk 0:24:13]} Kxc7 {[%clk
0:18:18]} 51. Nb5+ {[%clk 0:24:39]} Kd7 {[%clk 0:17:01]} 52. Nd4 {[%clk
0:25:02]} Bh5 {[%clk 0:15:27]} 53. Ke4 {[%clk 0:24:53]} g5 {[%clk 0:15:51]} 54.
h4 {[%clk 0:24:50]} Bg4 {[%clk 0:12:59]} 55. hxg5 {[%clk 0:22:48]} hxg5 {[%clk
0:13:15]} 56. b4 {[%clk 0:21:19]} Kc7 {[%clk 0:11:39]} 57. b5 {[%clk 0:20:32]}
Kb6 {[%clk 0:11:36]} 58. b4 {[%clk 0:20:25]} Kb7 {[%clk 0:11:00]} 59. Nc6
{[%clk 0:20:24]} Kb6 {[%clk 0:06:54]} 60. Ne5 {[%clk 0:20:23]} Bc8 {[%clk
0:03:46]} 61. Nf3 {[%clk 0:16:39]} Bb7+ {[%clk 0:03:37]} 62. Kf5 {[%clk
0:17:07]} Bxf3 {[%clk 0:03:49]} 63. Kxg5 {[%clk 0:17:36]} Bc6 {[%clk 0:04:06]}
64. Kxf4 {[%clk 0:18:02]} Kxb5 {[%clk 0:04:27]} 1/2-1/2

[Event "Deutsche Ländermeisterschaft 2017"]
[Site "Hannover GER"]
[Date "2017.10.02"]
[Round "4"]
[White "Kopylov, Daniel"]
[Black "Yi, Danny"]
[Result "1-0"]
[Termination "normal"]
[Board "4.4"]
[WhiteElo "2243"]
[BlackElo "2070"]
[WhiteClock "00:45:59"]
[BlackClock "00:14:32"]
[WhiteTeam "Schleswig-Holstein"]
[BlackTeam "Württemberg"]
[PlyCount "67"]
[WhiteFideId "12921971"]
[BlackFideId "12988588"]
[EventCountry "GER"]
[EventRounds "7"]
[EventType "team-swiss"]
[EventDate "2017.09.29"]

1. e4 {[%clk 1:30:51]} e5 {[%clk 1:30:52]} 2. Nf3 {[%clk 1:31:14]} Nc6 {[%clk
1:31:16]} 3. d4 {[%clk 1:31:35]} exd4 {[%clk 1:31:29]} 4. Nxd4 {[%clk 1:31:57]}
Bc5 {[%clk 1:31:50]} 5. Nb3 {[%clk 1:32:17]} Bb6 {[%clk 1:32:14]} 6. Nc3 {[%clk
1:32:37]} Nf6 {[%clk 1:27:11]} 7. Qe2 {[%clk 1:30:36]} O-O {[%clk 1:18:50]} 8.
Be3 {[%clk 1:23:20]} Qe7 {[%clk 1:14:37]} 9. Bxb6 {[%clk 1:21:07]} axb6 {[%clk
1:14:21]} 10. O-O-O {[%clk 1:20:15]} d6 {[%clk 1:13:42]} 11. f3 {[%clk
1:20:14]} Re8 {[%clk 1:11:31]} 12. g4 {[%clk 1:18:42]} Be6 {[%clk 1:07:50]} 13.
h4 {[%clk 1:15:27]} Bxb3 {[%clk 1:03:03]} 14. cxb3 {[%clk 1:15:24]} Ra5 {[%clk
1:02:32]} 15. Qd2 {[%clk 1:11:38]} Rea8 {[%clk 0:59:58]} 16. a3 {[%clk
1:10:50]} Qe5 {[%clk 0:41:33]} 17. b4 {[%clk 1:04:45]} R5a7 {[%clk 0:36:04]}
18. Bc4 {[%clk 1:04:08]} Qe7 {[%clk 0:28:42]} 19. g5 {[%clk 1:02:35]} Nh5
{[%clk 0:27:30]} 20. Nd5 {[%clk 1:02:35]} Qd8 {[%clk 0:27:12]} 21. Rhg1 {[%clk
1:02:08]} Ne5 {[%clk 0:21:00]} 22. Be2 {[%clk 1:02:21]} b5 {[%clk 0:20:48]} 23.
f4 {[%clk 0:48:02]} Nc4 {[%clk 0:20:47]} 24. Qd4 {[%clk 0:46:14]} c6 {[%clk
0:16:33]} 25. Nf6+ {[%clk 0:45:11]} Nxf6 {[%clk 0:14:51]} 26. gxf6 {[%clk
0:45:14]} Nxa3 {[%clk 0:13:56]} 27. Rxg7+ {[%clk 0:45:08]} Kh8 {[%clk 0:14:18]}
28. bxa3 {[%clk 0:44:11]} Rxa3 {[%clk 0:14:35]} 29. Rdg1 {[%clk 0:44:25]} Qd7
{[%clk 0:13:00]} 30. Rg8+ {[%clk 0:44:24]} Rxg8 {[%clk 0:13:11]} 31. Rxg8+
{[%clk 0:44:47]} Kxg8 {[%clk 0:13:38]} 32. Qg1+ {[%clk 0:45:10]} Kf8 {[%clk
0:14:06]} 33. Qg7+ {[%clk 0:45:34]} Ke8 {[%clk 0:14:32]} 34. Qg8# {[%clk
0:45:59]} 1-0

[Event "Deutsche Ländermeisterschaft 2017"]
[Site "Hannover GER"]
[Date "2017.10.02"]
[Round "4"]
[White "Leser, Katrin"]
[Black "Köhler, Inken"]
[Result "1/2-1/2"]
[Termination "normal"]
[Board "4.5"]
[WhiteElo "1893"]
[BlackElo "1893"]
[WhiteClock "00:03:45"]
[BlackClock "00:03:36"]
[WhiteTeam "Württemberg"]
[BlackTeam "Schleswig-Holstein"]
[PlyCount "60"]
[WhiteFideId "12997692"]
[BlackFideId "12929301"]
[EventCountry "GER"]
[EventRounds "7"]
[EventType "team-swiss"]
[EventDate "2017.09.29"]

1. e4 {[%clk 1:30:58]} e6 {[%clk 1:30:52]} 2. d4 {[%clk 1:31:21]} d5 {[%clk
1:31:16]} 3. Nc3 {[%clk 1:30:55]} dxe4 {[%clk 1:31:31]} 4. Nxe4 {[%clk
1:31:16]} Bd7 {[%clk 1:31:42]} 5. Nf3 {[%clk 1:26:57]} Bc6 {[%clk 1:31:29]} 6.
Ned2 {[%clk 1:19:17]} Nf6 {[%clk 1:22:50]} 7. c3 {[%clk 1:17:48]} Nbd7 {[%clk
1:21:54]} 8. Bd3 {[%clk 1:12:58]} Be7 {[%clk 1:17:53]} 9. Nc4 {[%clk 1:10:31]}
Be4 {[%clk 1:09:16]} 10. O-O {[%clk 1:06:51]} Bxd3 {[%clk 1:06:43]} 11. Qxd3
{[%clk 1:06:54]} O-O {[%clk 1:06:38]} 12. Bg5 {[%clk 1:00:59]} c5 {[%clk
0:56:02]} 13. Rad1 {[%clk 0:55:03]} Qc7 {[%clk 0:52:42]} 14. Nce5 {[%clk
0:44:41]} Nxe5 {[%clk 0:42:41]} 15. dxe5 {[%clk 0:38:50]} Rfd8 {[%clk 0:41:13]}
16. Qe2 {[%clk 0:33:51]} Nd5 {[%clk 0:40:25]} 17. Bxe7 {[%clk 0:28:22]} Nxe7
{[%clk 0:40:34]} 18. Rxd8+ {[%clk 0:21:22]} Rxd8 {[%clk 0:40:52]} 19. Rd1
{[%clk 0:21:25]} Nc6 {[%clk 0:35:29]} 20. Rxd8+ {[%clk 0:19:34]} Qxd8 {[%clk
0:35:46]} 21. h3 {[%clk 0:16:00]} Qd7 {[%clk 0:21:31]} 22. Kf1 {[%clk 0:13:12]}
h6 {[%clk 0:20:14]} 23. Ke1 {[%clk 0:12:30]} Qd5 {[%clk 0:19:42]} 24. b3 {[%clk
0:11:06]} Kf8 {[%clk 0:17:14]} 25. Qe3 {[%clk 0:10:35]} b5 {[%clk 0:08:56]} 26.
Qd2 {[%clk 0:07:06]} Ke7 {[%clk 0:07:10]} 27. Ke2 {[%clk 0:06:49]} Qe4+ {[%clk
0:05:36]} 28. Qe3 {[%clk 0:06:53]} Qd5 {[%clk 0:05:49]} 29. Qd2 {[%clk
0:06:39]} a6 {[%clk 0:04:12]} 30. Qe3 {[%clk 0:03:45]} Ke8 {[%clk 0:03:36]}
1/2-1/2

[Event "Deutsche Ländermeisterschaft 2017"]
[Site "Hannover GER"]
[Date "2017.10.02"]
[Round "4"]
[White "Reindl, Jork"]
[Black "Farokhi, Keyvan"]
[Result "1/2-1/2"]
[Termination "normal"]
[Board "4.7"]
[WhiteElo "1509"]
[BlackElo "1781"]
[WhiteClock "00:58:58"]
[BlackClock "00:36:37"]
[WhiteTeam "Württemberg"]
[BlackTeam "Schleswig-Holstein"]
[PlyCount "50"]
[WhiteFideId "16200152"]
[BlackFideId "12998630"]
[EventCountry "GER"]
[EventRounds "7"]
[EventType "team-swiss"]
[EventDate "2017.09.29"]

1. e4 {[%clk 1:30:59]} c5 {[%clk 1:30:53]} 2. Nf3 {[%clk 1:31:24]} Nc6 {[%clk
1:31:14]} 3. d4 {[%clk 1:31:11]} cxd4 {[%clk 1:31:24]} 4. Nxd4 {[%clk 1:31:27]}
g6 {[%clk 1:31:43]} 5. Nc3 {[%clk 1:31:27]} Bg7 {[%clk 1:31:54]} 6. Be3 {[%clk
1:31:48]} Nf6 {[%clk 1:32:05]} 7. Be2 {[%clk 1:31:44]} O-O {[%clk 1:31:56]} 8.
O-O {[%clk 1:31:44]} d5 9. exd5 {[%clk 1:22:13]} Nb4 {[%clk 1:27:21]} 10. d6
{[%clk 1:14:26]} Qxd6 {[%clk 1:22:37]} 11. Ndb5 {[%clk 1:14:24]} Qxd1 {[%clk
1:22:33]} 12. Raxd1 {[%clk 1:14:50]} Bf5 {[%clk 1:10:55]} 13. Bc5 {[%clk
1:12:46]} Nc6 {[%clk 1:10:29]} 14. Bf3 {[%clk 1:09:16]} Nd7 {[%clk 1:06:39]}
15. Bxc6 {[%clk 1:07:44]} Nxc5 {[%clk 1:05:34]} 16. Bf3 {[%clk 1:05:17]} a6 17.
Nc7 {[%clk 1:05:07]} Rad8 {[%clk 0:57:41]} 18. N7d5 {[%clk 1:03:54]} e6 {[%clk
0:47:15]} 19. Ne7+ {[%clk 1:04:01]} Kh8 {[%clk 0:47:38]} 20. Nxf5 {[%clk
1:04:20]} exf5 {[%clk 0:46:27]} 21. Rxd8 {[%clk 1:01:12]} Rxd8 {[%clk 0:46:29]}
22. Rd1 {[%clk 1:01:05]} Rxd1+ {[%clk 0:46:02]} 23. Nxd1 {[%clk 1:01:30]} Ne4
{[%clk 0:43:05]} 24. b3 {[%clk 1:00:15]} Kg8 {[%clk 0:39:43]} 25. g4 {[%clk
0:58:58]} b6 {[%clk 0:36:37]} 1/2-1/2

[Event "Deutsche Ländermeisterschaft 2017"]
[Site "Hannover GER"]
[Date "2017.10.02"]
[Round "4"]
[White "Bräutigam, Katerina"]
[Black "Liu, Sijia Anna"]
[Result "0-1"]
[Termination "normal"]
[Board "4.8"]
[WhiteElo "1115"]
[BlackElo "1577"]
[WhiteClock "00:07:25"]
[BlackClock "00:07:01"]
[WhiteTeam "Schleswig-Holstein"]
[BlackTeam "Württemberg"]
[PlyCount "66"]
[WhiteFideId "16242980"]
[BlackFideId "12989746"]
[EventCountry "GER"]
[EventRounds "7"]
[EventType "team-swiss"]
[EventDate "2017.09.29"]

1. c4 {[%clk 1:30:58]} e6 {[%clk 1:30:42]} 2. g3 {[%clk 1:29:50]} Nf6 {[%clk
1:30:08]} 3. Bg2 {[%clk 1:29:11]} d5 {[%clk 1:28:30]} 4. cxd5 {[%clk 1:28:48]}
exd5 {[%clk 1:27:49]} 5. d4 {[%clk 1:14:37]} Nc6 {[%clk 1:20:35]} 6. e3 {[%clk
1:13:54]} Bf5 {[%clk 1:17:48]} 7. Ne2 {[%clk 1:10:17]} Nb4 {[%clk 1:14:02]} 8.
Na3 {[%clk 1:06:22]} Nd3+ {[%clk 1:10:57]} 9. Kf1 {[%clk 1:01:36]} Ng4 {[%clk
1:02:33]} 10. Qb3 {[%clk 0:50:59]} Ngxf2 {[%clk 0:56:17]} 11. Bxd5 {[%clk
0:45:06]} Bh3+ {[%clk 0:34:49]} 12. Kg1 {[%clk 0:42:15]} Qf6 {[%clk 0:32:51]}
13. Qxb7 {[%clk 0:40:32]} Rd8 {[%clk 0:31:56]} 14. Nb5 {[%clk 0:23:26]} Bd6
{[%clk 0:29:00]} 15. Bc6+ {[%clk 0:21:35]} Bd7 {[%clk 0:23:10]} 16. Nf4 {[%clk
0:17:42]} Bxf4 {[%clk 0:20:39]} 17. Bxd7+ {[%clk 0:16:53]} Rxd7 {[%clk
0:20:38]} 18. exf4 {[%clk 0:16:16]} c6 {[%clk 0:19:20]} 19. Nc7+ {[%clk
0:15:24]} Ke7 {[%clk 0:18:16]} 20. Be3 {[%clk 0:12:52]} Nxh1 {[%clk 0:16:31]}
21. Kxh1 {[%clk 0:12:33]} Qd6 {[%clk 0:15:43]} 22. Qb3 {[%clk 0:12:31]} Qxc7
{[%clk 0:14:27]} 23. Qxd3 {[%clk 0:12:49]} f6 {[%clk 0:12:38]} 24. Bd2 {[%clk
0:11:24]} Kf7 {[%clk 0:11:49]} 25. Qb3+ {[%clk 0:11:20]} Rd5 {[%clk 0:10:38]}
26. Re1 {[%clk 0:10:54]} Re8 {[%clk 0:10:31]} 27. Be3 {[%clk 0:10:49]} Kf8
{[%clk 0:10:14]} 28. Rd1 {[%clk 0:10:26]} Rb5 {[%clk 0:09:26]} 29. Qa3+ {[%clk
0:09:53]} Qe7 {[%clk 0:09:17]} 30. Qxe7+ {[%clk 0:08:42]} Rxe7 {[%clk 0:09:47]}
31. Bc1 {[%clk 0:08:05]} Re2 {[%clk 0:09:09]} 32. a3 {[%clk 0:07:18]} Rd5
{[%clk 0:08:47]} 33. b4 {[%clk 0:07:25]} Ke7 {[%clk 0:07:01]} 0-1